000 00269nam a22001097a 4500
008 230623b xxu||||| |||| 00| 0 eng d
082 _a330.
_bSTA 1967
245 _aIntroductory Economics
260 _aUK
_bLongman Group Limited
_c1967
300 _a463p
942 _2ddc
_cBK
999 _c2506
_d2506